|
|
|
|
| LEADER |
00000nam0a2200000 4500 |
| 001 |
83484 |
| 005 |
20231031100216.0 |
| 010 |
|
|
|a 5020063231
|
| 010 |
|
|
|a 5-89349-542-X
|
| 035 |
|
|
|a (RuTPU)RU\TPU\book\89755
|
| 090 |
|
|
|a 83484
|
| 100 |
|
|
|a 20051017d2006 m y0rusy50 ca
|
| 101 |
0 |
|
|a rus
|a lat
|
| 102 |
|
|
|a RU
|
| 105 |
|
|
|a y j 001zy
|
| 200 |
1 |
|
|a Lingua Latina
|e учебник для вузов
|f В. И. Мирошенкова, Н. А. Федоров
|
| 205 |
|
|
|a 9 изд.
|
| 210 |
|
|
|a Москва
|c Наука
|c Флинта
|d 2006
|
| 215 |
|
|
|a 400 с.
|
| 320 |
|
|
|a Словарь: с. 326-399.
|
| 330 |
|
|
|a Учебник предназначен для студентов гуманитарных факультетов, преимущественно филологических, историко-филологических, а также может быть использован для самостоятельного изучения латинского языка. Этому способствует композиция учебника, содержащего поурочное изложение грамматического материала с подробными объяснениями тем применительно к текстам. Основным методическим принципом учебника является включение в первые же уроки синтаксических тем, что позволяет быстро перейти к чтению неадаптированных текстов. Учебник состоит из 23 уроков, хрестоматии, краткого грамматического справочника, латинско-русского и русско-латинского словарей. В издание включены разделы «Латинские пословицы, поговорки, крылатые слова», а также «Латинские юридические выражения и формулы».
|
| 610 |
1 |
|
|a латинский язык
|
| 610 |
1 |
|
|a теория
|
| 610 |
1 |
|
|a история
|
| 610 |
1 |
|
|a фонетика
|
| 610 |
1 |
|
|a грамматика
|
| 610 |
1 |
|
|a глаголы
|
| 610 |
1 |
|
|a существительные
|
| 610 |
1 |
|
|a прилагательные
|
| 610 |
1 |
|
|a падежи
|
| 610 |
1 |
|
|a времена
|
| 610 |
1 |
|
|a предложение
|
| 610 |
1 |
|
|a хрестоматии
|
| 610 |
1 |
|
|a латинские пословицы
|
| 610 |
1 |
|
|a поговорки
|
| 610 |
1 |
|
|a крылатые слова
|
| 610 |
1 |
|
|a учебники
|
| 686 |
|
|
|a Ш146
|v LBC/SL-A
|2 rubbk
|
| 700 |
|
1 |
|a Мирошенкова
|b В. И.
|g Валентина Иосифовна
|
| 701 |
|
1 |
|a Федоров
|b Н. А.
|g Николай Алексеевич
|
| 801 |
|
1 |
|a RU
|b 63413507
|c 20051017
|g PSBO
|
| 801 |
|
2 |
|a RU
|b 63413507
|c 20061226
|g PSBO
|
| 942 |
|
|
|c BK
|
| 959 |
|
|
|a 70/20050908
|d 2
|e 0
|f АНЛ:1
|f НФ:1
|